000 00207nam a22000857a 4500
001 1235357
005 20250930125827.0
245 _aKARDEŞİMM BENİM
_cCYNTHIA LORD
260 _bGÜNIŞIĞI KİTAPLIĞI YAYINLARI
999 _c1235357
_d1235357